书目信息 |
| 题名: |
法国制造
|
|
| 作者: | 吴锡德 编著 | |
| 分册: | ||
| 出版信息: | 北京 生活·读书·新知三联书店 2012.4 |
|
| 页数: | 228页 | |
| 开本: | 21cm | |
| 丛书名: | ||
| 单 册: | ||
| 中图分类: | K565.03 | |
| 科图分类: | ||
| 主题词: | 文化史--法国 | |
| 电子资源: | ||
| ISBN: | 978-7-108-03999-6 | |
| 000 | 01236nam0 2200277 45 | |
| 001 | 1355707686 | |
| 005 | 20130515101759.03 | |
| 010 | @a978-7-108-03999-6@dCNY28.00 | |
| 100 | @a20130108d2012 em y0chiy50 ea | |
| 101 | 0 | @achi |
| 102 | @aCN@b110000 | |
| 105 | @aa z 000yy | |
| 106 | @ar | |
| 200 | 1 | @a法国制造@AFa Guo Zhi Zao@dMade in france@e法国文化关键词100@EFa Guo Wen Hua Guan Jian Ci 100@f吴锡德编著@FWu Xi De Bian Zhu@zeng |
| 210 | @a北京@c生活·读书·新知三联书店@d2012.4 | |
| 215 | @a228页@c图@d21cm | |
| 305 | @a本书经城邦文化事业股份有限公司 麦田出版事业部授权。 | |
| 314 | @a吴锡德,台湾淡江大学法文系教授。法国巴黎第七大学历史系学士、硕士、博士。长期从事法语教学及翻译工作,译有《欧洲文明》、《文化全球化》等。著有《认识新欧洲》、《阅读法兰西当代文学》等。 | |
| 330 | @a本书是一本介绍法国文化史的专著,会带读者走进法国文化的脉络,发现法国人生活里的好东西。主要内容包括:爱情,工作坊,前卫,新法国人,生活达人,咖啡馆,康康舞,这就是人生等。 | |
| 510 | 1 | @aMade in france@zeng |
| 517 | 1 | @a法国文化关键词100@AFa Guo Wen Hua Guan Jian Ci 100 |
| 606 | 0 | @a文化史@y法国 |
| 690 | @aK565.03@v5 | |
| 701 | 0 | @a吴锡德@AWu Xi De@4编著 |
| 801 | @aCN@bTANGWEI@c20130112 | |
| 905 | @b0831825-29@dK565.03@e40@f5 | |
| 法国制造=Made in france:法国文化关键词100/吴锡德编著.-北京:生活·读书·新知三联书店,2012.4 |
| 228页:图;21cm |
| ISBN 978-7-108-03999-6:CNY28.00 |
| 本书是一本介绍法国文化史的专著,会带读者走进法国文化的脉络,发现法国人生活里的好东西。主要内容包括:爱情,工作坊,前卫,新法国人,生活达人,咖啡馆,康康舞,这就是人生等。 |
| ● |
| 相关链接 |
|
|
|
|
正题名:法国制造
索取号:K565.03/40
 
预约/预借
| 序号 | 登录号 | 条形码 | 馆藏地/架位号 | 状态 | 备注 |
| 1 | 0831825 | 208318257 | 第二样本阅览室/ [索取号:K565.03/40] | 在馆 | |
| 2 | 0831826 | 208318266 | 第二借阅区/ [索取号:K565.03/40] | 在馆 | |
| 3 | 0831827 | 208318275 | 第二借阅区/ [索取号:K565.03/40] | 在馆 | |
| 4 | 0831828 | 208318284 | 第二借阅区/ [索取号:K565.03/40] | 在馆 | |
| 5 | 0831829 | 208318293 | 第二借阅区/ [索取号:K565.03/40] | 在馆 |